Geometry of Banach Saces-Selected Topics (Record no. 6346)

MARC details
000 -LEADER
fixed length control field 00511nam a22001937a 4500
003 - CONTROL NUMBER IDENTIFIER
control field OSt
005 - DATE AND TIME OF LATEST TRANSACTION
control field 20191011130819.0
008 - FIXED-LENGTH DATA ELEMENTS--GENERAL INFORMATION
fixed length control field 191011b ||||| |||| 00| 0 eng d
020 ## - INTERNATIONAL STANDARD BOOK NUMBER
International Standard Book Number 9783540074021
040 ## - CATALOGING SOURCE
Transcribing agency DDC
082 ## - DEWEY DECIMAL CLASSIFICATION NUMBER
Classification number 516 DIL 1975
100 ## - MAIN ENTRY--PERSONAL NAME
Personal name Diestel, Joseph
9 (RLIN) 12981
245 ## - TITLE STATEMENT
Title Geometry of Banach Saces-Selected Topics
260 ## - PUBLICATION, DISTRIBUTION, ETC. (IMPRINT)
Place of publication, distribution, etc. New York;
Name of publisher, distributor, etc. Springer,
Date of publication, distribution, etc. 1975
300 ## - PHYSICAL DESCRIPTION
Extent xi,282p;
Other physical details ill:
Dimensions 23.5cm
504 ## - BIBLIOGRAPHY, ETC. NOTE
Bibliography, etc References, & index included
650 ## - SUBJECT ADDED ENTRY--TOPICAL TERM
Topical term or geographic name as entry element Geometry
9 (RLIN) 12062
942 ## - ADDED ENTRY ELEMENTS (KOHA)
Source of classification or shelving scheme Other/Generic Classification Scheme
Koha item type Book Bank
Holdings
Withdrawn status Lost status Source of classification or shelving scheme Damaged status Not for loan Home library Current library Date acquired Source of acquisition Inventory number Total Checkouts Full call number Barcode Date last seen Koha item type
    Dewey Decimal Classification     MUST Main Library MUST Main Library 11/10/2019 Purchase 19/41024   516 DIL 1975 2019-0529 11/10/2019 Open Shelf
    Dewey Decimal Classification     MUST Main Library MUST Main Library 11/10/2019 Purchase 19/41025   516 DIL 1975 2019-0530 11/10/2019 Open Shelf
    Dewey Decimal Classification     MUST Main Library MUST Main Library 11/10/2019 Purchase 19/41026   516 DIL 1975 2019-0531 11/10/2019 Open Shelf
    Dewey Decimal Classification     MUST Main Library MUST Main Library 11/10/2019 Purchase 19/41027   516 DIL 1975 2019-0532 11/10/2019 Open Shelf
    Dewey Decimal Classification     MUST Main Library MUST Main Library 11/10/2019 Purchase 19/41028   516 DIL 1975 2019-0533 11/10/2019 Open Shelf